000 00910nam a2200145Ia 4500
008 090124s9999 xx 000 0 und d
082 _b33365
245 _a सावलीतली उन्हे!(दुष्यंत कुमारांच्या 'साये में धूप' या गझलसंग्रहाचा भावानुवाद
250 _a1
260 _bडबीर सदानंद
_c2005
300 _a52
630 _a सावलीतली उन्हे!(दुष्यंत कुमारांच्या 'साये में धूप' या गझलसंग्रहाचा भावानुवाद
730 _a सावलीतली उन्हे!(दुष्यंत कुमारांच्या 'साये में धूप' या गझलसंग्रहाचा भावानुवाद
942 _cBOOK
999 _c180886
_d180886